|
|
|
|
| LEADER |
01393nam a2200253 a 4500 |
| 001 |
GR-MES378 |
| 008 |
991111s gw 000 b eng d |
| 020 |
|
|
|a 380553471X
|
| 040 |
|
|
|a GrPaTEI
|b gre
|c GR-PaULI
|
| 245 |
0 |
0 |
|a Developments in biological standardization :
|b Proceedings of the International Symposium, held at the National Fish Health Research Laboratory Leetown, W. Va., U.S.A, April 26-30, 1981: serodiagnostics and vaccines
|n 49ος .
|p Fish biologics.
|
| 260 |
|
|
|a Munchen :
|b Karger S.,
|c c1981
|
| 300 |
|
|
|a xii, 489σελ. :
|b εικ.,πιν
|
| 500 |
|
|
|a Περιλαμβάνει βιβλιογραφικές αναφορές
|
| 650 |
|
4 |
|a Ψάρια-Ασθένειες
|
| 650 |
|
4 |
|a Ψάρια-Βιολογία-Συμπόσια
|
| 650 |
|
4 |
|a Ψάρια-Παθολογία
|
| 700 |
1 |
|
|a Hennessen, W.
|
| 710 |
0 |
|
|a Karger S.
|
| 710 |
2 |
|
|a International Association of Biological Standardization
|
| 942 |
|
|
|2 ddc
|
| 952 |
|
|
|0 0
|1 0
|2 ddc
|4 0
|6 597_024000000000000_HEN
|7 0
|9 263600
|a MSLG
|b MSLG
|c BSC
|d 2021-01-17
|e 24
|f 0
|g 0.00
|l 0
|o 597.024 HEN
|p 24200000863
|r 2021-01-17 00:00:00
|t 1
|w 2021-01-17
|y BK15
|x 19991111 0 1
|x GrPaTEI
|
| 952 |
|
|
|0 0
|1 0
|2 ddc
|4 0
|6 597_024000000000000_HEN
|7 0
|9 320347
|a MSLG
|b MSLG
|c BSC
|d 2021-01-23
|e 24
|f 0
|g 0.00
|l 0
|o 597.024 HEN
|p 2420000000863
|r 2021-01-23 00:00:00
|t 1
|w 2021-01-23
|y BK15
|x 19991111 0 1
|x GrPaTEI
|
| 971 |
|
|
|a .b25714193
|b 15-04-20
|c 13-09-16
|
| 999 |
|
|
|c 151759
|d 151759
|